• 首页
  • 本馆介绍
  • 公告通知
  • 最新文献
  • 馆藏检索
  • 电子资源
  • 读者导购
  • 参考咨询
  • 我的图书馆
  • 登录
  • 详细信息显示
  • 放入我的书架
  • 预约/预借图书
  • 作者相关作品
  • 分类相关作品
  • 丛书相关作品
  • 出版社相关作品

书目信息

  • 表格格式
  • 工作单格式
  • 卡片格式
题名:
国家公路网地图集
    
 
作者: ;翰海行知图书工作室 编著
分册:  
出版信息: 北京   中国旅游出版社  2006
页数: 312页
开本: 21cm
丛书名:
单 册:
中图分类: F512.99
科图分类:
主题词: 公路图--中国 , 公路图 , 交通运输经济--概况--世界
电子资源:
ISBN: 7-5032-2824-5
000 00936nam0 2200277 450
001 010040030388
005 20061029100330.28
010    @a7-5032-2824-5@dCNY29.80
100    @a20060213d2006 em y0chiy0110 ea
101 0  @achi
102    @aCN@b110000
105    @ab z 001yy
200 1  @a国家公路网地图集@9guo jia gong lu wang di tu ji@e驾车出行必备手册@f翰海行知图书工作室编著
205    @a2版
210    @a北京@c中国旅游出版社@d2006
215    @a312页@d21cm
320    @a有索引
330    @a本书内容包括:中国政区、中国交通、中国旅游及北京市、天津市、河北省、山西省、内蒙古自治区、辽宁省等地交通图。
517 1  @a驾车出行必备手册@9jia che chu xing bi bei shou ce
606 0  @a公路图@y中国
606 0  @a公路图
606 0  @a交通运输经济@x概况@x世界
690    @aF512.99@v4
711 02 @a翰海行知图书工作室@9han hai xing zhi tu shu gong zuo shi@4编著
801  0 @aCN@bRENTIAN@c20061029
905    @a10447@dF512.99@e17=2
    
    国家公路网地图集:驾车出行必备手册/翰海行知图书工作室编著.-2版.-北京:中国旅游出版社,2006
    312页;21cm
    
    
    ISBN 7-5032-2824-5:CNY29.80
    本书内容包括:中国政区、中国交通、中国旅游及北京市、天津市、河北省、山西省、内蒙古自治区、辽宁省等地交通图。
●
相关链接 在E读中查询图书 在五车中查询图书 在当当中查询图书 在豆瓣中查询图书


正题名:国家公路网地图集     索取号:F512.99/17=2         预约/预借

序号 登录号 条形码 馆藏地/架位号 状态 备注
1 0388500   203885000   第一样本阅览室/ [索取号:F512.99/17=2] 在馆    
2 0388501   203885019   第一借阅区/ [索取号:F512.99/17=2] 在馆    
3 0388502   203885028   第一借阅区/ [索取号:F512.99/17=2] 在馆    
4 0388503   203885037   第一借阅区/ [索取号:F512.99/17=2] 在馆    
5 0388504   203885046   第一借阅区/ [索取号:F512.99/17=2] 在馆    
唐山师范学院图书馆 欢迎您!
大连网信软件有限公司© 版权所有